Výpočet odvodov v roku 2015 za zamestnancov na základe dohôd a ich účtovanie v sústave podvojného účtovníctva

Účtovanie a výpočet odvodov za špecifické skupiny "dohodárov" pracujúcich na základe dohôd o prácach vykonávaných mimo pracovného pomeru podľa pravidelnosti príjmov.

Enregistré dans:
Détails bibliographiques
Auteur principal: Pakšiová, Renáta, 1974-
Format: Chapitre de livre
Langue:slovaque
Sujets:
Tags: Ajouter un tag
Pas de tags, Soyez le premier à ajouter un tag!

MARC

LEADER 00000naa a2200000 4500
001 0202000
005 20240502073413.0
041 0 |a slo 
044 |a SK 
245 1 0 |a Výpočet odvodov v roku 2015 za zamestnancov na základe dohôd a ich účtovanie v sústave podvojného účtovníctva  |c Renáta Pakšiová 
520 |a Účtovanie a výpočet odvodov za špecifické skupiny "dohodárov" pracujúcich na základe dohôd o prácach vykonávaných mimo pracovného pomeru podľa pravidelnosti príjmov. 
610 2 0 |a dane z príjmov 
610 2 0 |a odvody 
610 2 0 |a účtovníctvo podvojné 
610 2 0 |a poistenie sociálne 
610 2 0 |a poistenie zdravotné 
610 2 0 |a dohody o činnosti pracovnej 
100 1 |a Pakšiová, Renáta, 1974-